[Event "Madurai Athens of the East op-C 1st"]
[Site "Madurai"]
[Date "2019.08.14"]
[Round "3"]
[White "Vinoth, M."]
[Black "Nagasri, Saikanth"]
[Result "1/2-1/2"]
[WhiteElo "1558"]
[BlackElo "1396"]
[PlyCount "192"]
[EventDate "2019.08.14"]
[EventType "swiss"]
[EventRounds "10"]
[EventCountry "IND"]
[SourceTitle "EXT 2022"]
[Source "ChessBase"]
[SourceDate "2021.10.06"]
[SourceVersion "1"]
[SourceVersionDate "2021.10.06"]
[SourceQuality "1"]

1. d4 d5 2. Bf4 Nf6 3. e3 g6 4. Nd2 Bg7 5. Bd3 c5 6. c3 Nc6 7. a3 cxd4 8. exd4 a6 9. Ngf3 Nh5 10. Be3 0-0 11. Qc2 e5 12. dxe5 Nxe5 13. Nxe5 Bxe5 14. Nf3 Bf4 15. Bd4 Re8+ 16. Kf1 Bg4 17. Ne1 Be5 18. h3 Bd7 19. Be3 Nf4 20. Bxf4 Bxf4 21. g3 Bc7 22. Nf3 Qf6 23. Kg2 Re7 24. Qd2 Rae8 25. Qg5 Qxg5 26. Nxg5 Bc6 27. Nf3 d4 28. cxd4 Bb6 29. Rac1 Bxd4 30. Rc2 Bd5 31. Rd1 Ba7 32. Bc4 Bxc4 33. Rxc4 Re2 34. Rd2 Rxd2 35. Nxd2 Re2 36. Ne4 Rxb2 37. g4 Kg7 38. g5 h6 39. h4 hxg5 40. hxg5 Bb8 41. a4 b5 42. axb5 axb5 43. Rc8 Be5 44. Kf3 b4 45. Rc5 Rb3+ 46. Kg4 Ba1 47. f4 Rb1 48. Rb5 b3 49. Kf3 b2 50. Nd2 Rh1 51. Ke2 Kf8 52. Rb7 Ke8 53. Kd3 Re1 54. Kc2 Re2 55. Kd3 Re1 56. Kc2 Rc1+ 57. Kd3 Kd8 58. Ke2 Kc8 59. Rb6 Kc7 60. Rb3 Kd6 61. Kd3 Ke6 62. Rb5 Kd6 63. Rb3 Kc5 64. Ne4+ Kd5 65. Nd2 Rh1 66. Rb5+ Kc6 67. Rb8 Rh3+ 68. Kc2 Rc3+ 69. Kd1 Kd5 70. Ke2 Kd4 71. Rb4+ Kd5 72. Rb5+ Ke6 73. Re5+ Kd7 74. Rb5 Kc6 75. Rb8 Ra3 76. Rb4 Rh3 77. Rb8 Kc5 78. Rb7 Kd4 79. Rb4+ Kc5 80. Rb7 Rh7 81. Kd3 Rh3+ 82. Ke2 Rh4 83. Ke3 Rh2 84. Kd3 Kc6 85. Rb4 Rh3+ 86. Ke2 Rc3 87. Rb8 Rc1 88. Ke3 Kd5 89. Rb5+ Ke6 90. Ke2 Rc6 91. Ke3 Kd6 92. Ne4+ Kc7 93. Nd2 Rb6 94. Rxb6 Kxb6 95. Ke4 Kc5 96. f5 Kd6 1/2-1/2